Inter Squad 2019-2020 - Statistics

General Stats
  • This quiz has been taken 32 times
  • The average score is 24 of 31
Answer Stats
# Position Nation Player % Correct
10 FW Argentina Lautaro Martínez
100%
9 FW Belgium Romelu Lukaku
100%
7 FW Chile Alexis Sánchez
97%
24 MF Denmark Christian Eriksen
97%
2 DF Uruguay Diego Godín
97%
37 DF Slovakia Milan Škriniar
97%
23 MF Italy Nicolò Barella
97%
1 GK Slovenia Samir Handanović
97%
95 DF Italy Alessandro Bastoni
93%
6 DF Netherlands Stefan de Vrij
93%
77 MF Croatia Marcelo Brozović
90%
8 MF Uruguay Matías Vecino
90%
5 MF Italy Roberto Gagliardini
90%
33 DF Italy Danilo D'Ambrosio
86%
15 MF England Ashley Young
83%
11 MF Nigeria Victor Moses
83%
- Coach Italy Antonio Conte
79%
20 MF Spain Borja Valero
79%
18 MF Ghana Kwadwo Asamoah
79%
12 MF Italy Stefano Sensi
79%
13 DF Italy Andrea Ranocchia
69%
27 GK Italy Daniele Padelli
66%
87 MF Italy Antonio Candreva
62%
30 FW Italy Sebastiano Esposito
62%
46 GK Italy Tommaso Berni
55%
19 MF Austria Valentino Lazaro
55%
32 MF France Lucien Agoumé
52%
16 FW Italy Matteo Politano
52%
21 DF Italy Federico Dimarco
48%
34 MF Italy Cristiano Biraghi
38%
31 DF Italy Lorenzo Pirola
21%
No matching quizzes found
Score Distribution
Percent of People with Each Score
Percentile by Number Answered
Your Score History
You have not taken this quiz